00734 2200193 4500245005900000020002200059250001100081100002100092700001200113650001800125650001600143005001900159260003500178041001400213084001100227300002900238500026400267336000900531 aMendulang Rezeki Bermodal HobicMuhammad MusrofihText a978-979-026-053-5 aCet. 1 aMuhammad Musrofi aAbusiri aKewirausahaan aEnterprener a20240506080337 aYogyakartabInsan Madanic2008 aIndonesia a338.04 aviii, 224 hlm. :c21 cm. aJadikanlah hobi anda sebagai mesin penghasil uang, niscaya anda akan mendapat kesenangan ganda. Pertama karena mendapatkan uang. Kedua karena hobi anda terpuaskan. Bagaimana caranya? Temukan jawabannya secara tuntas dalam buku mendulang rezeki mendulang hobi. atext